| 000 | 00431nam a2200193Ia 4500 | ||
|---|---|---|---|
| 008 | 210210b1878 xxu||||| |||| 00| 0 eng d | ||
| 041 | _aeng | ||
| 082 | _a920/87 | ||
| 100 | _aPRESCOTT (W H) | ||
| 245 | _aHistory of the conquest of Peru | ||
| 260 |
_aLondon _bNot Mentioned _c1878 |
||
| 650 | _athe | ||
| 650 | _aPeru | ||
| 650 | _aof | ||
| 650 | _aHistory | ||
| 650 | _aconquest | ||
| 690 | _aHistory | ||
| 906 | _a024829 | ||
| 999 |
_c150449 _d150449 |
||